Sports Quiz

Random Sports Quiz

Juventus players 1990-1999 Quiz Stats

 Plays Quiz not verified by Sporcle

Also try: Sort the 'C' Teams
Challenge
Share
Tweet
Embed
Score 0/88 Timer 12:00
0 Plays Today
debut year names % Correct
1993-1994Alessandro Del Piero
95.7%
1996-1997Zinedine Zidane
90%
1991-1992Angelo Peruzzi
87.1%
1990-1991Roberto Baggio
82.6%
1991-1992Antonio Conte
82.1%
1992-1993Dino Baggio
81.9%
1994-1995Ciro Ferrara
81.9%
1992-1993Gianluca Vialli
81.2%
1992-1993Fabrizio Ravanelli
79.9%
1997-1998Edgar Davids
76.7%
1997-1998Filippo Inzaghi
76.5%
1994-1995Didier Deschamps
75.8%
1995-1996Gianluca Pessotto
75.8%
1996-1997Paolo Montero
73.1%
1993-1994Angelo Di Livio
72.2%
1996-1997Christian Vieri
71.5%
1994-1995Alessio Tacchinardi
70.8%
1992-1993Moreno Torricelli
64.5%
1997-1998Alessandro Birindelli
63.6%
1996-1997Mark Iuliano
62.9%
1996-1997Alen Boksic
60.6%
1995-1996Vladimir Jugović
59%
1994-1995Paulo Sousa
54.5%
1998-1999Igor Tudor
50.9%
1996-1997Nicola Amoruso
50.2%
1998-1999Thierry Henry
49.1%
1991-1992Jürgen Kohler
48.4%
1993-1994Sergio Porrini
47.5%
1992-1993Andreas Möller
45%
1995-1996Pietro Vierchowod
44.1%
debut year names % Correct
1992-1993Michelangelo Rampulla
43.2%
1990-1991Salvatore Schillaci
39.4%
1995-1996Michele Padovano
38%
1997-1998Daniel Fonseca
37.6%
1997-1998Marcelo Danubio Zalayeta
34.8%
1995-1996Attilio Lombardo
33.3%
1990-1991Pierluigi Casiraghi
33%
1990-1991Stefano Tacconi
32.4%
1991-1992Stefan Reuter
29.9%
1990-1991Júlio César
29%
1990-1991Paolo Di Canio
29%
1991-1992Massimo Carrera
28.1%
1990-1991Giancarlo Marocchi
27.8%
1992-1993David Platt
26.5%
1990-1991Thomas Häßler
25.6%
1998-1999Juan Eduardo Esnáider
24.7%
1996-1997Dimas
23.8%
1994-1995Robert Jarni
20.1%
1998-1999Zoran Mirkovic
19.5%
1990-1991Luigi De Agostini
18.8%
1990-1991Daniele Fortunato
17.4%
1997-1998Morgan De Sanctis
15.6%
1998-1999Simone Perrotta
13.6%
1994-1995Luca Fusi
13.3%
1990-1991Marco De Marchi
12.7%
1998-1999Jocelyn Blanchard
12.7%
1995-1996Juan Pablo Sorín
12.2%
1997-1998Fabio Pecchia
12.2%
1990-1991Roberto Galia
11.8%
1990-1991Angelo Alessio
9.5%
debut year names % Correct
1990-1991Eugenio Corini
9.5%
1992-1993Luigi Sartor
9%
1990-1991Nicolò Napoli
8.1%
1993-1994Zoran Ban
8.1%
1990-1991Massimo Orlando
7%
1990-1991Gianluca Luppi
6.8%
1990-1991Dario Bonetti
6.3%
1995-1996Tommaso Rocchi
6.3%
1994-1995Corrado Grabbi
5.2%
1997-1998Marco Zamboni
4.8%
1996-1997Raffaele Ametrano
4.3%
1990-1991Adriano Bonaiuti
3.8%
1997-1998Salvatore Aronica
3.8%
1994-1995Lorenzo Squizzi
3.4%
1990-1991Nicola Zanini
3.2%
1993-1994Francesco Baldini
3.2%
1996-1997Davide Falcioni
3.2%
1992-1993Alessandro Dal Canto
2.9%
1996-1997Ivano Trotta
2.7%
1992-1993Massimiliano Giacobbo
2.3%
1993-1994Massimiliano Notari
2.3%
1993-1994Gianluca Francesconi
2.3%
1994-1995Simone Tognon
2.3%
1994-1995Enrico Fantini
2.3%
1998-1999Massimo Paci
2.3%
1996-1997Nicola Cingolani
2%
1992-1993Nicola Ragagnin
1.4%
1991-1992Fabio Marchioro
1.1%

You're not logged in!

Compare scores with friends on all Sporcle quizzes.
OR
Log In

You Might Also Like...

Show Comments

Extras

Created Oct 10, 2010ReportNominate
Tags:1990s, debut, jument, Juventus, player

Top Quizzes Today


Score Distribution

Your Account Isn't Verified!

In order to create a playlist on Sporcle, you need to verify the email address you used during registration. Go to your Sporcle Settings to finish the process.

Report this User

Report this user for behavior that violates our Community Guidelines.

Details: